[Event "10th Konjic 2021"]
[Site "Konjic"]
[Date "2021.03.03"]
[Round "9.4"]
[White "Isik, Alparslan"]
[Black "Ristic, Nenad"]
[Result "0-1"]
[WhiteElo "2321"]
[BlackElo "2330"]
[Annotator "TA"]
[PlyCount "84"]
[EventDate "2021.02.26"]
[EventType "tourn"]
[EventCountry "BIH"]
[SourceTitle "playchess.com"]
[Source "ChessBase"]
[SourceQuality "1"]

{[%evp 15,84,13,11,17,22,0,0,0,15,10,13,15,26,-4,4,-26,-20,-39,-31,-97,-89,-95,-88,-92,-76,-93,-93,-95,-50,-61,-67,-64,-42,-39,-54,-160,-143,-153,-124,-103,-70,-64,-43,-115,-84,-175,-151,-141,-83,-160,-161,-337,-337,-337,-337,-337,-322,-322,-322,-322,-282,-297,-270,-233,-211,-341,-210,-291,-291,-29998,-29999]} 1. d4 Nf6 2. c4 g6 3. Nc3 d5 4. cxd5 Nxd5 5. e4 Nxc3 6. bxc3 Bg7 7. Qa4+ Nd7 8. Nf3 O-O 9. Be2 {D85: Exchange Grünfeld: Unusual White 7th moves and lines with 7 Nf3.} Nb6 10. Qd1 c5 11. O-O {The position is equal.} cxd4 12. cxd4 Bg4 13. Be3 {[#]} Bxf3 $146 ({Predecessor:} 13... Rc8 14. Rb1 Nc4 15. Bxc4 Rxc4 16. Qb3 Rc7 17. Bf4 Rc8 18. d5 Rc3 19. Qxb7 Bxf3 20. gxf3 Rxf3 {1-0 (47) Krasenkow,M (2627)-Krzyzanowski,M (2457) Poland 2017}) 14. gxf3 e6 15. f4 Rc8 16. Qb3 Qh4 ({Don't blunder} 16... Bxd4 $2 17. Rad1 $18) 17. Bf3 (17. a4 $15) 17... Bh6 $17 18. f5 Bxe3 ({Much worse is} 18... gxf5 $6 19. exf5 Kh8 20. Kh1 $11) 19. Qxe3 Nc4 20. Qd3 exf5 21. exf5 Rfd8 22. fxg6 hxg6 23. Bxb7 Rxd4 24. Qg3 {[%cal Rg3h4]} Rc5 25. Bg2 {[#]} (25. Qxh4 $1 $15 Rxh4 26. Rac1) 25... Qf6 $1 {Threatens to win with ...Rg5.} 26. Rad1 Nd2 27. Qe3 Qd6 {Hoping for ...Rd3.} 28. Rfe1 $1 Kg7 29. Kh1 (29. Rc1 $15) 29... Rh5 {[%csl Gh5][%cal Rd6h2]} 30. f4 (30. Qg3 $17) 30... Rd3 $40 {[%mdl 128] Black is out for blood.} 31. Qf2 Kh7 (31... Rf5 $142 32. Qe2 Rxf4 33. Qe5+ Qxe5 34. Rxe5 Ra4) 32. Kg1 {[#]} (32. Re5 $142 Ne4 {[%mdl 64] Discovered Attack} 33. Rxh5+ Kg8 34. Rh8+ {[%mdl 64] Decoy} Kxh8 35. Qb2+ Kh7 36. Rxd3 Qxd3 37. Qb3) 32... Rf5 $1 $17 {[%cal Rf5f4]} 33. Re5 $2 {[#]} (33. Re3 Rd4 34. Rde1) 33... Nf3+ $1 $19 {[%mdl 576] Discovered Attack} 34. Bxf3 Rxd1+ 35. Bxd1 Qxd1+ {[%mdl 4096] Endgame KQR-KQR} 36. Kg2 Qg4+ 37. Qg3 Rxf4 ({Weaker is} 37... Qxf4 38. Qh3+ Kg7 39. Rxf5 $11) 38. a3 Ra4 39. Re3 Qh5 {White must now prevent ...Rg4.} 40. Qf2 (40. Kh1 {was necessary.}) 40... Rg4+ 41. Rg3 Qd5+ 42. Kh3 $2 {[#]} (42. Kg1 $19) 42... Rh4+ $1 {[%mdl 576] Decoy.  Weighted Error Value: White=0.49/Black=0.12} 0-1

[Event "10th Konjic 2021"]
[Site "Konjic"]
[Date "2021.03.03"]
[Round "9.4"]
[White "Stocko, Josip"]
[Black "Mrndjic, Muamer"]
[Result "*"]
[WhiteElo "2230"]
[BlackElo "2257"]
[Annotator "TA"]
[PlyCount "26"]
[EventDate "2021.02.26"]
[EventType "tourn"]
[EventCountry "BIH"]
[SourceTitle "playchess.com"]
[Source "ChessBase"]
[SourceQuality "1"]

{[%evp 15,26,18,25,30,20,0,0,0,24,21,27,13,30]} 1. d4 Nf6 2. c4 g6 3. Nc3 d5 4. cxd5 Nxd5 5. e4 Nxc3 6. bxc3 Bg7 7. Qa4+ Nd7 8. Nf3 O-O 9. Be2 {D85: Exchange Grünfeld: Unusual White 7th moves and lines with 7 Nf3.} Nb6 10. Qd1 c5 11. O-O cxd4 12. cxd4 Bg4 13. Be3 {[#]} Bxf3 $146 {A rather calm draw.  Weighted Error Value: White=0.05/Black=0.04} ({Predecessor:} 13... Rc8 14. Rb1 Nc4 15. Bxc4 Rxc4 16. Qb3 Rc7 17. Bf4 Rc8 18. d5 Rc3 19. Qxb7 Bxf3 20. gxf3 Rxf3 {1-0 (47) Krasenkow,M (2627)-Krzyzanowski,M (2457) Poland 2017}) *

[Event "10th Konjic 2021"]
[Site "Konjic"]
[Date "2021.03.03"]
[Round "9.5"]
[White "Runic, Zoran"]
[Black "Dumpor, Atif"]
[Result "0-1"]
[WhiteElo "2378"]
[BlackElo "2268"]
[Annotator "TA"]
[PlyCount "70"]
[EventDate "2021.02.26"]
[EventType "tourn"]
[EventCountry "BIH"]
[SourceTitle "playchess.com"]
[Source "ChessBase"]
[SourceQuality "1"]

{[%evp 9,70,22,29,27,34,31,37,-49,-37,-39,-40,-31,-46,-64,-64,-64,-51,-51,-29,-29,-29,-39,-19,-97,-100,-152,-39,-37,-25,-33,-33,-36,-37,-112,-88,-90,-108,-101,-97,-144,-46,-63,-64,-54,35,34,28,35,36,34,26,0,2,-187,308,-184,-177,-179,-95,-548,-610,-29994,-29995]} 1. e4 e5 2. Nc3 Nf6 3. g3 Nc6 4. Bg2 g6 5. d3 Bg7 6. Nge2 {C26: Vienna Game: 2...Nf6, sidelines .} O-O 7. f4 d6 {[#]} 8. f5 $146 (8. O-O $14) ({Predecessor:} 8. O-O Bg4 9. h3 Bxe2 10. Nxe2 Nd7 11. f5 Nd4 12. g4 Nxe2+ 13. Qxe2 g5 14. Be3 Bf6 15. Kf2 Kh8 16. Qd2 {1-0 (39) Frank,W (2177)-Gries,V (2230) Hessen 2000}) 8... gxf5 9. Bg5 h6 10. Bh4 Ne7 11. O-O c6 12. Qd2 d5 13. exd5 cxd5 14. d4 $1 {[%cal Rd4e5]} Ne4 15. Qd3 Be6 16. Bh3 (16. Rad1 $11 {keeps the balance.}) 16... Ng5 17. Bg2 ({Better is} 17. Bxg5 hxg5 18. dxe5) 17... e4 (17... Ng6 $17 18. Bxg5 hxg5 19. dxe5 Nxe5) 18. Qd2 $15 Ng6 19. Nd1 $1 Nxh4 20. gxh4 Nh7 21. Rf4 (21. Ne3 $15) 21... h5 {And now ...Bh6 would win.} 22. Ne3 Bh6 23. Raf1 Kh8 24. c4 Rg8 (24... Nf6 $17 25. Ng3 Bxf4 26. Rxf4 Rg8 27. Ngxf5 Rg6) 25. cxd5 Bd7 $36 {[%mdl 2048] Black has the initiative.} 26. Ng3 Nf6 (26... Bxf4 $15 27. Rxf4 Rc8) 27. Nexf5 $14 Bxf5 28. Nxf5 Bxf4 29. Qxf4 Rg6 ({Reject} 29... Qxd5 $6 30. Ne3 $16) 30. d6 {Strongly threatening Ne7.} Qb6 {Threatens to win with ...Rag8.} 31. Qe5 $2 (31. Ne7 $11 {and White has nothing to worry.} Qxd4+ 32. Kh1) 31... Rag8 $4 {[%mdl 8192] [#]} (31... Qxb2 $19 {[%csl Gg6][%cal Rb2g2] and all is fine.} 32. Rf2 Qc1+ 33. Rf1 Qd2) 32. Ng3 $4 {[%mdl 8192] [#]} (32. Kh1 $1 $18 {Hoping for Ne7.} Rd8 33. Bxe4) 32... Re8 $19 33. Qc5 Qxb2 (33... Rd8 $19 34. Qxb6 axb6) 34. Rxf6 $2 {[%mdl 8192]} Rxf6 35. d7 Qf2+ {Weighted Error Value: White=0.64/Black=0.40} 0-1

[Event "10th Konjic 2021"]
[Site "Konjic"]
[Date "2021.03.03"]
[Round "9.5"]
[White "Muratovic, Efim"]
[Black "Burovic, Rijad"]
[Result "*"]
[WhiteElo "2365"]
[BlackElo "2444"]
[Annotator "TA"]
[PlyCount "15"]
[EventDate "2021.02.26"]
[EventType "tourn"]
[EventCountry "BIH"]
[SourceTitle "playchess.com"]
[Source "ChessBase"]
[SourceQuality "1"]

{[%evp 9,15,29,28,22,33,23,38,-61]} 1. e4 e5 2. Nc3 Nf6 3. g3 Nc6 4. Bg2 g6 5. d3 Bg7 6. Nge2 {C26: Vienna Game: 2...Nf6, sidelines .} O-O 7. f4 d6 {[#]} 8. f5 $146 {Weighted Error Value: White=0.00/Black=0.09} (8. O-O $14) ({Predecessor:} 8. O-O Bg4 9. h3 Bxe2 10. Nxe2 Nd7 11. f5 Nd4 12. g4 Nxe2+ 13. Qxe2 g5 14. Be3 Bf6 15. Kf2 Kh8 16. Qd2 {1-0 (39) Frank,W (2177)-Gries,V (2230) Hessen 2000}) *